000 00731nam a2200217Ia 4500
003 GCL
008 140319s9999 xx 000 0 ara d
040 _aGCL /
_cGCL
082 0 4 _a811.009
_bح ج
100 1 _aحمدى الشيخ
245 1 0 _aجدلية التراث والتجديد فى شعر شوقى الغنائى /
_cحمدى الشيخ
250 _aالاولى
260 _aالقاهرة :
_bالمكتب الجامعى الحديث ،
_c2006
300 _a291 ص ؛
_c24 سم
650 0 4 _aالتراث العربى
650 0 4 _aالشعر الغنائى
650 0 4 _aالشعر المسرحى
650 0 4 _aالشعر العربى - تاريخ ونقد
650 0 4 _aاحمد شوقى
942 _2ddc
_cBK
999 _c8494
_d8494